000 00581nam a2200181Ia 4500
008 100920s9999 xx 000 0 und d
082 _b106221
_a22 न 03
100 _aPURI B.B.
245 _aVASTU SCIENCE FOR 21 ST CENTURY TO ENJOY THE GIFT OF NATURE.
260 _bNEW AGE BOOKS,INDIA.
_c2003
300 _a297
_bसाधी
365 _b195
520 _aएस.सी.
630 _aVASTU SCIENCE FOR 21 ST CENTURY TO ENJOY THE GIFT OF NATURE.
650 _aएस.सी.
730 _aVASTU SCIENCE FOR 21 ST CENTURY TO ENJOY THE GIFT OF NATURE.
942 _cBOOK
999 _c746652
_d746649